Medzinárodné inštitúcie v boji proti medzinárodným daňovým únikom
Príspevok je zameraný na medzinárodný boj proti daňovým únikom vo svete v rámci rôznych zoskupení ako sú OECD a EÚ a opatrenia týchto integrovaných spoločenstiev.
Salvato in:
| Autore principale: | |
|---|---|
| Altri autori: | |
| Natura: | Capitolo di libro |
| Lingua: | slovacco |
| Soggetti: | |
| Tags: |
Nessun Tag, puoi essere il primo ad aggiungerne!!
|
MARC
| LEADER | 00000naa a2200000 4500 | ||
|---|---|---|---|
| 001 | 0311648 | ||
| 005 | 20250822121321.2 | ||
| 041 | 0 | |a slo | |
| 044 | |a SK | ||
| 245 | 1 | 0 | |a Medzinárodné inštitúcie v boji proti medzinárodným daňovým únikom |c Adela Feranecová, Slavomíra Stašková |
| 520 | |a Príspevok je zameraný na medzinárodný boj proti daňovým únikom vo svete v rámci rôznych zoskupení ako sú OECD a EÚ a opatrenia týchto integrovaných spoločenstiev. | ||
| 610 | 2 | 0 | |a dane |
| 610 | 2 | 0 | |a únik daňový |
| 610 | 2 | 0 | |a globalizácia |
| 610 | 2 | 0 | |a činy trestné |
| 100 | 1 | |a Feranecová, Adela, 1986- | |
| 700 | 1 | |a Stašková, Slavomíra, 1989- | |